000 00638nas a2200229 4500
001 BR9208889
003 BR-BrBNA
005 20231205093200.0
007 ta
008 230509b bl.|||p| |||| 00| 00por d
040 _aBR-BrBNA
_bpor
_cBiblioteca Nacional de Agricultura
041 _a(Pt)
072 _aL01
100 1 _aAnon.
245 1 _aPropolis: como preparar e como usar
650 _aAPICULTURA
650 _aPROCESSAMENTO
650 _aPROPOLIS
773 0 _tApicultura no Brasil (Brazil)
_xISSN 0102-3659
_g(Jan-Feb 1989), v. 5(30) p. 32
_wBR9208889
909 _a202311
_bLúcia
_c55
_dLúcia Elande
942 _2AGRIS
_n0
_cANA
999 _c136683
_d136683